000 00340nam a22001337a 4500
020 _qPB.
040 _cFIZZA ISHAQ
082 _a005.74
_bSAM
100 _aANAHORY, SAM.
_955388
245 _aDATA WARE HOUSING REAL WORLD /
_cSAM ANAHORY & DENNIS MURRAY
260 _aNEW DEHLI :
_bPEARSON,
_c1997.
300 _a352 P. ;
942 _2ddc
_cBK
999 _c566241
_d566241